=LDR 00000nam 2200000 4500 =001 INLIS000000000055170 =005 20200316113027 =035 ##$$a 0010-0320000277 =007 ta =008 200316###########################0#ind## =020 ##$$a 978-602-60065-3-0 =082 ##$$a 618.6 =084 ##$$a 618.6 Est a =245 1#$$a Asuhan holistik masa nifas dan menyusui /$c Esti Handayani, Wahyu Pujiastuti, =250 ##$$a Cet.1 =300 ##$$a xiv, 182 halaman : $b Ilustrasi ; $c 24 Cm =650 #4$$a Nifas-Perawatan , laktasi =700 #$$a ,, =504 ##$$a Halaman : 179 =264 ##$$a Yogyakarta :$b Trans Medika,$c 2016 =336 ##$$a Teks$2 rdacontent =337 ##$$a lain-lain$2 rdamedia =338 ##$$a lain-lain$2 rdacarrier =990 ##$$a 04930493 =990 ##$$a 04930493